|
|
|
|
| LEADER |
00000cam a22000004a 4500 |
| 001 |
musev2_112043 |
| 003 |
MdBmJHUP |
| 005 |
20230905054600.0 |
| 006 |
m o d |
| 007 |
cr||||||||nn|n |
| 008 |
220219t20222022inu o 00 0 eng d |
| 020 |
|
|
|a 9780253062420
|
| 020 |
|
|
|z 9780253062413
|
| 020 |
|
|
|z 9780253062437
|
| 020 |
|
|
|z 9780253062406
|
| 035 |
|
|
|a (OCoLC)1298389868
|
| 040 |
|
|
|a MdBmJHUP
|c MdBmJHUP
|
| 245 |
0 |
4 |
|a The Worlds of <i>John Wick</i> :
|b The Year's Work at the Continental Hotel /
|c edited by Caitlin G. Watt & Stephen Watt.
|
| 264 |
|
1 |
|a Bloomington, Indiana :
|b Indiana University Press,
|c [2022]
|
| 264 |
|
3 |
|a Baltimore, Md. :
|b Project MUSE,
|c 2023
|
| 264 |
|
4 |
|c ©[2022]
|
| 300 |
|
|
|a 1 online resource (456 pages):
|b illustrations (black and white)
|
| 336 |
|
|
|a text
|b txt
|2 rdacontent
|
| 337 |
|
|
|a computer
|b c
|2 rdamedia
|
| 338 |
|
|
|a online resource
|b cr
|2 rdacarrier
|
| 490 |
0 |
|
|a The Year's Work: Studies in Fan Culture and Cultural Theory
|
| 520 |
|
|
|a -- Stephen Watt is located in Bloomington, IN --Caitlin Watt is located in Clemson, SC -- The editors and contributors to this volume are from a wide range of disciplines to address all aspects of John Wick worldbuilding and are best for this work because they are responsible for the research at ""The World(s) of John Wick"" conference in November 2019. -- Whether you consider the John Wick film franchise to be full of instant cult classics or surprise hits, the movies are no doubt a nostalgic throwback to revenge-thrillers popularized in the 1970s while featuring the action impulses of Kung F
|
| 588 |
|
|
|a Description based on print version record.
|
| 600 |
1 |
0 |
|a Wick, John
|c (Fictitious character)
|v Congresses.
|
| 650 |
|
7 |
|a Motion pictures
|x Plots, themes, etc.
|2 fast
|0 (OCoLC)fst01027350
|
| 650 |
|
7 |
|a Action and adventure films.
|2 fast
|0 (OCoLC)fst01721067
|
| 650 |
|
6 |
|a Cinema
|x Intrigues, themes, etc.
|
| 650 |
|
0 |
|a Motion pictures
|x Plots, themes, etc.
|v Congresses.
|
| 650 |
|
0 |
|a Action and adventure films
|v Congresses.
|
| 630 |
0 |
0 |
|a John Wick: chapter 3 - Parabellum (Motion picture)
|v Congresses.
|
| 630 |
0 |
0 |
|a John Wick: chapter 2 (Motion picture)
|v Congresses.
|
| 630 |
0 |
0 |
|a John Wick (Motion picture)
|v Congresses.
|
| 655 |
|
7 |
|a Conference papers and proceedings.
|2 lcgft
|
| 655 |
|
7 |
|a Conference papers and proceedings.
|2 fast
|0 (OCoLC)fst01423772
|
| 655 |
|
7 |
|a Electronic books.
|2 local
|
| 700 |
1 |
|
|a Watt, Stephen,
|e editor.
|
| 700 |
1 |
|
|a Watt, Caitlin G.,
|e editor.
|
| 710 |
2 |
|
|a Project Muse.
|e distributor
|
| 830 |
|
0 |
|a Book collections on Project MUSE.
|
| 856 |
4 |
0 |
|z Texto completo
|u https://projectmuse.uam.elogim.com/book/112043/
|
| 945 |
|
|
|a Project MUSE - Custom Collection
|
| 945 |
|
|
|a Project MUSE - 2023 Annual Backfile - Unpurchased
|